000 00874nam0a22002291 4500
001 rc\503022
005 20260407081004.0
035 _a(NLR Aleph) 005743878
090 _a4767940
_c4767940
100 _a20030616d1987 |||y0rusy50 ca
101 0 _arus
102 _aRU
105 _aa |||||||||
200 1 _aВРЕМЕННЫЕ рекомендации по охране и привлечению птиц в межхозяйственных лесхозах
_fГосагропром СССР, ВНИИ охраны природы и заповед. дела
210 _aМ.
_cВНИИприроды
_d1987
215 _a24 с.
_cил.
_d20
712 0 2 _aВНИИ охраны природы и заповедного дела
_3RU\NLR\AUTH\886583
_9285045
801 0 _aRU
_bNLR
_gpsbo
801 1 _aRU
_bELAR
_2rusmarc
852 _aNLR
_j88-4/26536
942 _cBOOK
980 _aNB